000 00295nam a22001337a 4500
008 181017b xxu||||| |||| 00| 0 eng d
020 _a9780673396679
041 _aeng
080 _23 ED
_a370
100 _a47
101 _aEDU
245 _aWriting Abour ART
_cBarnet.S
942 _2udc
_cBK
999 _c50060
_d50060